Happy boys & girls : storie sentimentali di gay e lesbiche /
I tiakina i:
| Ētahi atu kaituhi: | , , |
|---|---|
| Hōputu: | Pukapuka |
| Reo: | Itāriana |
| I whakaputaina: |
Roma :
Coniglio,
2006
|
| Rangatū: | Para Cult
|
| Ngā Tūtohu: |
Kāore He Tūtohu, Me noho koe te mea tuatahi ki te tūtohu i tēnei pūkete!
|
MARC
| LEADER | 00000nam a22000007i 4500 | ||
|---|---|---|---|
| 001 | IT\ICCU\UBO\3118113 | ||
| 003 | ItRI | ||
| 005 | 20260225171528.0 | ||
| 008 | 070112s2006 it |||||| ||||| |||||c | ||
| 020 | |a 8860630088 | ||
| 040 | |b ita |c ct | ||
| 041 | 7 | |a ita |2 ISO-639-2 | |
| 245 | 0 | 0 | |a Happy boys & girls : |b storie sentimentali di gay e lesbiche / |c [Leanne Franson ... et al. ; a cura di Valeriano Elfodiluce ; prefazione di Matteo B. Bianchi]. |
| 260 | |a Roma : |b Coniglio, |c 2006 | ||
| 300 | |a 159 p. : |b in gran parte ill. ; |c 24 cm. | ||
| 700 | 1 | |a Bianchi, Matteo B. |0 IT\ICCU\CFIV\141484 | |
| 700 | 1 | |a Elfodiluce, Valeriano |0 IT\ICCU\UBOV\062990 | |
| 700 | 1 | |a Franson, Leanne |0 IT\ICCU\UBOV\578768 | |
| 830 | 0 | |a Para Cult |0 IT\ICCU\TO0\1488605 | |
| 942 | |2 ddc |c BK | ||
| 952 | |0 0 |1 0 |2 ddc |4 0 |7 0 |9 6347 |a MI |b MI |d 2007-02-25 |i 5312 |l 0 |p CDOM5312 |r 2025-07-13 16:28:00 |w 2025-07-13 |x ACQUISTO |y BK | ||
| 952 | |0 0 |1 0 |2 ddc |4 0 |6 741_500000000000000_ELF_HAP |7 0 |9 9511 |a VT |b VT |d 2025-08-07 |e Acq. Arcigay Viterbo su donazione di Banca Lazio Nord |i B178 |l 0 |o 741.5 ELF HAP |p B178 |r 2025-08-07 12:42:47 |w 2025-08-07 |y BK |z Acq. Arcigay Viterbo su donazione di Banca Lazio Nord | ||
| 952 | |0 0 |1 0 |4 0 |6 F_741_590000000000000_ELF |7 0 |9 16168 |a BO |b BO |d 2026-01-15 |i 10850 |l 0 |o F 741.59 ELF |p BO10850 |r 2026-01-15 23:19:17 |w 2026-01-15 |x [Sebina 5] [1 v.] |y BK |z 1 v. | ||
| 952 | |0 0 |1 0 |4 0 |6 F_741_590000000000000_ELF |7 0 |9 16169 |a BO |b BO |d 2026-01-15 |i 10994 |l 0 |o F 741.59 ELF |p BO10994 |r 2026-01-15 23:19:17 |w 2026-01-15 |x [Sebina 5] [1 v.] |y BK |z 1 v. | ||
| 999 | |c 5096 |d 5096 | ||